00613 a2200193 4500010001400000020002300014035001300037037001600050082001200066100002100078245010700099250001300206260004500219270005400264300003800318500002000356700002000376700002300396 aENG-89368 a8120334175c595.00 aEN-72901 bDBAD / PUB14a621.3821 aTocci, Ronald J.1 aDigital systems:cby Ronald J. Tocci, Neal S. Widmer and Gregory L. Mossbprinciples and applications/ a10th ed. aNew DelhibPrentice-Hall of Indiac2008 aM-97, Canaught Circus,bNew DelhicDelhie110001 axxv, 940p.c26 cm ( pbk.)eCD-ROM aIncludes index awidmer, Neal S. aMoss, Gregory L. .